Informe sobre la situación actual y las perspectivas del sector transporte en Costa Rica
Gespeichert in:
| 1. Verfasser: | |
|---|---|
| Format: | Buch |
| Sprache: | Undetermined |
| Veröffentlicht: |
[San José, C.R. : [editor no identificado]
1973
|
| Schlagworte: | |
| Tags: |
Tag hinzufügen
Keine Tags, Fügen Sie den ersten Tag hinzu!
|
MARC
| LEADER | 00000nam a2200000Ia 4500 | ||
|---|---|---|---|
| 003 | 001964 | ||
| 005 | 20221231143935.0 | ||
| 008 | 140114s9999 xx 000 0 und d | ||
| 040 | |c cru CEDI | ||
| 082 | |a 380.5 S212i | ||
| 100 | |a Sánchez Naranjo, Sergio |9 21053 | ||
| 245 | |a Informe sobre la situación actual y las perspectivas del sector transporte en Costa Rica | ||
| 260 | |a [San José, C.R. : [editor no identificado] |c 1973 | ||
| 300 | |a iv, 319 hojas : ilustraciones (algunas plegables) ; 28 cm | ||
| 650 | |x TRANSPORTE - COSTA RICA |9 21054 | ||
| 942 | |2 ddc |c BK | ||
| 999 | |c 14533 |d 14533 | ||
